Introduction to cancer biology : a concise journey from epidemiology through cell and molecular biology to treatment and prospects
Αποθηκεύτηκε σε:
| Κύριος συγγραφέας: | |
|---|---|
| Μορφή: | Βιβλίο |
| Γλώσσα: | English |
| Δημοσίευση: |
Cambridge :
Cambridge University Press,
c2013
|
| Θέματα: | |
| Ετικέτες: |
Προσθήκη ετικέτας
Δεν υπάρχουν, Καταχωρήστε ετικέτα πρώτοι!
|
MARC
| LEADER | 00000nam a2200000 i 4500 | ||
|---|---|---|---|
| 001 | 1/44444 | ||
| 008 | 140318s2013 eng d | ||
| 020 | |a 978-1-107-60148-2 ((pbk)) | ||
| 035 | |l 10117127 | ||
| 040 | |a GR-MY-UA |b gre |e aacr | ||
| 041 | 0 | |a eng | |
| 082 | 0 | |a 616.994 |2 (23) | |
| 100 | 1 | |a Hesketh, Robin. | |
| 245 | 1 | 0 | |a Introduction to cancer biology : |b a concise journey from epidemiology through cell and molecular biology to treatment and prospects / |c Robin Hesketh |
| 260 | |a Cambridge : |b Cambridge University Press, |c c2013 | ||
| 300 | |a xvii, 335 σ.; |b έγχρ.εικ.; |c 25 εκ. | ||
| 504 | |a Περιέχει βιβλιογραφικές παραπομπές και ευρετήριο | ||
| 650 | 0 | 0 | |a Tumors. |
| 650 | 0 | 0 | |a Neoplastic processes. |
| 650 | 0 | 0 | |a Oncogenes. |
| 650 | 0 | 0 | |a Sequence analysis, DNA. |
| 852 | |a INST |b LEMNOS |e 20140318 |h 616.994 HES |p 005600000993 |q 005600000993 |t BK |y 0 | ||
| 901 | |a BIBL6-2014-1 | ||
| 909 | |a Μ |b 179507 | ||
| 922 | |a 6ΕΛΗ |b 201306 |c ΤΑΚ/ΤΕΤΔ |d ΔΙΑΔΡΟΜΕΣ | ||
| 970 | |a ΜΟΣΧΟΒΗ |b ΕΥΑΓΓΕΛΙΑ |z 2014/03/18 | ||